Statistics for Random German Words

Click here to take the quiz!

General Stats

  • This quiz has been taken 58,347 times
    (45,915 since last reset)
  • The average score is 18 of 24

Answer Stats

German English % Correct
Neinno
99%
dankethanks
96%
gutgood
89%
Morgenmorning
89%
Frauwoman
87%
sprechenspeak
87%
Haushouse
87%
Kindchild
86%
Nachtnight
86%
Zweitwo
83%
Wurstsausage
83%
Hunddog
83%
Volkpeople
75%
überover
73%
Achtungattention
66%
Weißwhite
64%
verbotenforbidden
61%
Zeittime
60%
Geistghost
59%
Blitzlightning
59%
lebenlive
58%
Bootboat
58%
Bahnrailway
51%
Flugflight
43%

Score Distribution

Percentile by Number Answered

Percent of People with Each Score

Your Score History

You have not taken this quiz since the last reset